| 000 | 00755nam a22002057a 4500 | ||
|---|---|---|---|
| 003 | OSt | ||
| 005 | 20221027203406.0 | ||
| 008 | 221027b |||||||| |||| 00| 0 eng d | ||
| 020 | _a1-55862-470-8 | ||
| 040 | _cBiblioteca Lado V | ||
| 082 |
_2709.809.4 _aR569j |
||
| 100 |
_9227 _aRiggs, Thomas _eeditor |
||
| 245 | _aSt. James guide to Hispanic artists: profiles of Latino and Latin American artists/ | ||
| 260 |
_aUnited States of America _bAssociation of Hispanic Arts _c2002 |
||
| 300 |
_a682p. _c22x29cm |
||
| 650 |
_2Tesauro de Arte & Arquitectura _aGUIA DE ARTE |
||
| 650 |
_2Tesauro de Arte & Arquitectura _aARTISTAS HISPANOS |
||
| 650 |
_2Tesauro de Arte & Arquitectura _aARTE |
||
| 942 |
_2ddc _c1 _h709.809.04 _iR569j _n0 |
||
| 999 |
_c2387 _d2387 |
||